000
00329 a2200157 4500
001
62020
020
_a
9788510054270
040
_c
Anchieta - Pituba
100
_a
Mocellin, Renato
240
1
0
_a
História 9
_l
por
245
1
0
_a
História 9
300
_a
367/64
362
0
_a
2013
650
4
_a
História do mundo
942
_c
BK
999
_c
62020
_d
62020